An introduction to the mathematics of finance /
Uloženo v:
| Hlavní autor: | |
|---|---|
| Médium: | Kniha |
| Jazyk: | English |
| Vydáno: |
Oxford :
Butterworth-Heinemann,
1986.
|
| Témata: | |
| Tagy: |
Přidat tag
Žádné tagy, Buďte první, kdo otaguje tento záznam!
|
| Thư viện lưu trữ: | Mạng thư viện Đại học Đà Nẵng |
|---|
| LEADER | 00841cam a2200325 i 4500 | ||
|---|---|---|---|
| 001 | 000045144 | ||
| 003 | 4271 | ||
| 005 | 20030225161602.0 | ||
| 008 | 010220|1986 vm 000 eng | ||
| 020 | |a 0750600926 | ||
| 040 | |a IRC |c IRC |d IRC | ||
| 041 | 0 | |a eng | |
| 082 | 1 | 4 | |a 332.0151 |b MC-J |
| 100 | 1 | |a McCutcheon, J. J. |q (John J.) | |
| 245 | 0 | 3 | |a An introduction to the mathematics of finance / |c J. J. (John J.) McCutcheon. |
| 260 | |a Oxford : |b Butterworth-Heinemann, |c 1986. | ||
| 300 | |a x, 463p. : |b ill. | ||
| 630 | 0 | 4 | |a Finance. |
| 630 | 0 | 4 | |a Mathematics. |
| 650 | 0 | 4 | |a Business mathematics. |
| OWN | |a DUT | ||
| 999 | |a From the UDN01 | ||
| TYP | |a Monograph | ||
| TYP | |a Printed language | ||
| 980 | |a Mạng thư viện Đại học Đà Nẵng | ||


